[Event "53rd World U20 ch"]
[Site "Pune IND"]
[Date "2014.10.09"]
[Round "4.38"]
[White "Borisenko, Viacheslav"]
[Black "Deepthamsh, Reddy M."]
[Result "1-0"]
[WhiteElo "2316"]
[BlackElo "2071"]
[EventDate "2014.10.06"]
[PlyCount "81"]

1.e4 c5 2.Nf3 d6 3.Bb5+ Nd7 4.d4 Nf6 5.O-O a6 6.Bxd7+ Nxd7 7.e5 e6 8.Bf4 
Qc7 9.Bg3 cxd4 10.Qxd4 d5 11.Nbd2 b5 12.c3 Be7 13.Qg4 O-O 14.Rae1 a5 15.
Nd4 Qb6 16.f4 Nc5 17.Rf3 f5 18.Qh5 Ne4 19.Nxe4 fxe4 20.Rff1 Bc5 21.Bf2 Bd7
22.Be3 b4 23.Rf2 Rab8 24.g4 bxc3 25.bxc3 Qc7 26.f5 Be8 27.Qg5 h6 28.Qh4 
Bxd4 29.Bxd4 Kh7 30.f6 g5 31.Qg3 a4 32.h4 Rg8 33.Rh2 Bf7 34.Be3 gxh4 35.
Rxh4 Rg6 36.Bxh6 Kg8 37.Bg7 Rxg7 38.fxg7 Qc5+ 39.Kh1 Kxg7 40.Qf4 Rg8 41.
Qh6# 1-0

[Event "53rd World U20 ch"]
[Site "Pune IND"]
[Date "2014.10.09"]
[Round "4.39"]
[White "Rahul Srivatshav, P."]
[Black "Lokesh, P."]
[Result "1-0"]
[WhiteElo "2061"]
[BlackElo "2303"]
[EventDate "2014.10.06"]
[PlyCount "135"]

1.d4 Nf6 2.Bf4 e6 3.e3 b6 4.Nf3 Bb7 5.Bd3 Be7 6.h3 O-O 7.Nbd2 c5 8.c3 d6 
9.O-O Re8 10.Qe2 Nbd7 11.Rad1 Qc7 12.Bh2 Bf8 13.e4 e5 14.dxe5 dxe5 15.Bc4 
h6 16.Rfe1 Bc6 17.Bb5 Bxb5 18.Qxb5 a6 19.Qe2 b5 20.Nf1 Qb7 21.Qc2 c4 22.
Ne3 Nc5 23.Nd5 Nxd5 24.Rxd5 f6 25.Red1 Rac8 26.a3 Qf7 27.Ne1 Rb8 28.Qe2 
Qg6 29.f3 Rbc8 30.Kh1 Ne6 31.Qd2 Rb8 32.Nc2 Rec8 33.Rd7 Nc5 34.Rd5 Na4 35.
Qc1 Nc5 36.Qd2 Qe8 37.Bg3 Na4 38.Qc1 Nc5 39.Qd2 Kh7 40.Bh2 Qg6 41.Ne1 Qg5 
42.Qe2 Qg6 43.Qd2 a5 44.Nc2 Qe8 45.Bg3 Na4 46.Qc1 b4 47.axb4 axb4 48.Be1 
b3 49.Ne3 Ra8 50.Nf5 Nc5 51.Ne3 Ra4 52.Qd2 Rca8 53.Bh4 Qh5 54.Bg3 Qg5 55.
Kh2 h5 56.h4 Qg6 57.Qe2 Qe8 58.f4 exf4 59.Bxf4 Nd3 60.Bg3 Qxe4 61.Qxh5+ 
Kg8 62.Nf5 Qe8 63.Qg4 Kh8 64.Bd6 Nf2 65.Qf3 Nxd1 66.Bxf8 Qxf8 67.Qh5+ Kg8 
68.Rd7 1-0

[Event "53rd World U20 ch"]
[Site "Pune IND"]
[Date "2014.10.09"]
[Round "4.40"]
[White "Saim, Mohamed Ilias"]
[Black "Puranik, Abhimanyu"]
[Result "0-1"]
[WhiteElo "2040"]
[BlackElo "2269"]
[EventDate "2014.10.06"]
[PlyCount "158"]

1.e4 e5 2.Nf3 Nc6 3.d4 exd4 4.Bc4 Nf6 5.Ng5 d5 6.exd5 Ne5 7.Qe2 Qe7 8.O-O 
Bg4 9.f3 Bd7 10.Bf4 h6 11.Bxe5 hxg5 12.Re1 O-O-O 13.Nd2 Qb4 14.a3 Qb6 15.
Qd3 Bd6 16.Bb3 Bb5 17.Bc4 Bxe5 18.Rxe5 Qd6 19.Qxd4 Rh4 20.Ne4 Nxe4 21.Rxe4
Qxh2+ 22.Kf2 Bxc4 23.Qxc4 f5 24.Rxh4 gxh4 25.Qd3 g6 26.Qe3 Qg3+ 27.Kf1 h3 
28.gxh3 Qxh3+ 29.Ke2 Qg2+ 30.Kd3 Rxd5+ 31.Kc4 c6 32.Kb3 a6 33.c4 Rd8 34.
Re1 Qd2 35.Qe6+ Kb8 36.Ka2 Qd6 37.Qf7 Rd7 38.Qg8+ Ka7 39.Re6 Qd3 40.Rxg6 
Qxf3 41.Qe6 Rd2 42.Qe5 Qf2 43.Rf6 f4 44.c5 Qd4 45.Qxd4 Rxd4 46.Kb3 a5 47.
Kc3 Re4 48.Kd3 Re3+ 49.Kd2 Rf3 50.Rf8 Rf2+ 51.Kc3 a4 52.Kb4 Rxb2+ 53.Kxa4 
Rf2 54.Ka5 f3 55.Rf7 Rf1 56.Rf8 f2 57.a4 Rc1 58.Rxf2 Rxc5+ 59.Kb4 Rg5 60.
Rf3 Rg4+ 61.Kb3 Ka6 62.Rf6 Rd4 63.Rh6 Ka5 64.Rh5+ Rd5 65.Rh3 Rg5 66.Rc3 
Rg6 67.Rc5+ Ka6 68.Rh5 b6 69.Rh8 Rg3+ 70.Kc4 c5 71.Ra8+ Kb7 72.Rh8 Ra3 73.
Rh7+ Ka6 74.Kd5 Rxa4 75.Kc6 Rg4 76.Rh2 Rg6+ 77.Kc7 Kb5 78.Rb2+ Ka4 79.Kb7 
c4 0-1

[Event "53rd World U20 ch"]
[Site "Pune IND"]
[Date "2014.10.09"]
[Round "4.41"]
[White "Chaithanyaa, K. G."]
[Black "Mithil, Ajgaonkar"]
[Result "0-1"]
[WhiteElo "2029"]
[BlackElo "2258"]
[EventDate "2014.10.06"]
[PlyCount "108"]

1.e4 c6 2.d4 d5 3.e5 c5 4.Nf3 Nc6 5.c4 Bg4 6.cxd5 Bxf3 7.Qxf3 Nxd4 8.Qd1 
Qxd5 9.Bb5+ Kd8 10.O-O e6 11.Nc3 Qxe5 12.b4 Nf6 13.f4 Qc7 14.Be3 a6 15.
bxc5 Bxc5 16.Bxd4 Ke7 17.Kh1 axb5 18.Rc1 b6 19.Re1 Qd7 20.Bxf6+ gxf6 21.
Qh5 Rhd8 22.Ne4 Qd5 23.Qh4 Bd4 24.Rc7+ Rd7 25.Rxd7+ Qxd7 26.f5 Rxa2 27.
fxe6 fxe6 28.Qxh7+ Kd8 29.Qg8+ Kc7 30.Rc1+ Bc5 31.Nxf6 Qc6 32.Rd1 Bd4 33.
Ne8+ Kb7 34.Qg4 e5 35.Qg7+ Ka6 36.Nc7+ Ka5 37.Ne8 Rd2 38.Rb1 Rb2 39.Qa7+ 
Kb4 40.Qe7+ Qc5 41.Rxb2+ Bxb2 42.Qh4+ Bd4 43.Qe1+ Qc3 44.Qb1+ Kc5 45.h4 
Qg3 46.Qc2+ Kb4 47.Qe4 Qf2 48.Kh2 Qf4+ 49.Qxf4 exf4 50.h5 Be5 51.Kh3 Kc5 
52.h6 b4 53.Ng7 b3 54.Kg4 b2 0-1

[Event "53rd World U20 ch"]
[Site "Pune IND"]
[Date "2014.10.09"]
[Round "4.42"]
[White "Viani D`Cunha, Antonio"]
[Black "Raja, Harshit"]
[Result "1-0"]
[WhiteElo "2257"]
[BlackElo "2000"]
[EventDate "2014.10.06"]
[PlyCount "53"]

1.e4 c5 2.Nc3 d6 3.f4 Nf6 4.Nf3 Nc6 5.Bb5 g6 6.O-O Bg7 7.e5 dxe5 8.Nxe5 
O-O 9.Nxc6 bxc6 10.Bxc6 Rb8 11.d3 Qb6 12.Be4 Nxe4 13.dxe4 Ba6 14.Rf3 Rfd8 
15.Qe1 Bd4+ 16.Kh1 Bb7 17.f5 Bxc3 18.Rxc3 Bxe4 19.Bf4 Rbc8 20.Qxe4 Qxb2 
21.Qe1 Rd4 22.Be5 Re4 23.Re3 Rxe3 24.Bxb2 Rxe1+ 25.Rxe1 gxf5 26.Rxe7 Rd8 
27.h4 1-0

[Event "53rd World U20 ch"]
[Site "Pune IND"]
[Date "2014.10.09"]
[Round "4.43"]
[White "Praneeth Surya, K."]
[Black "Yogit, S."]
[Result "1/2-1/2"]
[WhiteElo "2251"]
[BlackElo "1954"]
[EventDate "2014.10.06"]
[PlyCount "89"]

1.e4 e5 2.Nf3 Nc6 3.Bb5 a6 4.Ba4 Nf6 5.O-O Be7 6.Re1 b5 7.Bb3 d6 8.c3 O-O 
9.h3 Bb7 10.d4 Re8 11.Nbd2 Bf8 12.a3 h6 13.Bc2 Nb8 14.b3 Nbd7 15.Bb2 d5 
16.dxe5 Nxe4 17.Nxe4 dxe4 18.Bxe4 Bxe4 19.Rxe4 Nc5 20.Rd4 Qc8 21.Qc2 Qe6 
22.c4 Rab8 23.b4 Nd7 24.cxb5 Rxb5 25.Rc4 c5 26.bxc5 Rxb2 27.Qxb2 Qxc4 28.
Rc1 Qb5 29.Qxb5 axb5 30.c6 Rc8 31.Rc3 Nb6 32.Nd4 Na4 33.Rg3 Bc5 34.Nf5 
Rxc6 35.Rxg7+ Kf8 36.Rh7 Ke8 37.Nxh6 Bxa3 38.Nxf7 Be7 39.Nh6 b4 40.Nf5 Bf8
41.Rb7 Rb6 42.Rxb6 Nxb6 43.Nd4 Nd7 44.Kf1 Nxe5 45.Ke2 1/2-1/2

[Event "53rd World U20 ch"]
[Site "Pune IND"]
[Date "2014.10.09"]
[Round "4.44"]
[White "Taalaibekov, Tagir"]
[Black "Prasannaa, S."]
[Result "0-1"]
[WhiteElo "1948"]
[BlackElo "2232"]
[EventDate "2014.10.06"]
[PlyCount "60"]

1.d4 d6 2.e4 Nf6 3.Nc3 c6 4.g3 b5 5.a3 Nbd7 6.Bg2 e5 7.Nge2 Be7 8.O-O O-O 
9.h3 a5 10.f4 Bb7 11.Qe1 Re8 12.Be3 b4 13.axb4 axb4 14.dxe5 dxe5 15.Na4 
Bf8 16.b3 exf4 17.Rxf4 c5 18.Rd1 Qc7 19.Qf2 Rxe4 20.Bxe4 Nxe4 21.Qf1 Ndf6 
22.Rf3 Qc6 23.Kh2 Re8 24.Re1 Ng5 25.Rf5 Rxe3 26.Rxg5 Ne4 27.Rg4 Nd2 28.Qf2
Nf3+ 29.Kg2 Nxe1+ 30.Kf1 Rf3 0-1

[Event "53rd World U20 ch"]
[Site "Pune IND"]
[Date "2014.10.09"]
[Round "4.45"]
[White "Patil, Pratik"]
[Black "Doluweera, Minul Sanjula"]
[Result "0-1"]
[WhiteElo "2231"]
[BlackElo "1827"]
[EventDate "2014.10.06"]
[PlyCount "106"]

1.e4 c6 2.d4 d5 3.e5 Bf5 4.Nf3 e6 5.Be2 Nd7 6.O-O h6 7.Nbd2 Ne7 8.Nb3 Bh7 
9.a4 Ng6 10.a5 Be7 11.c4 O-O 12.Be3 f6 13.exf6 Nxf6 14.Nbd2 Bd6 15.Bd3 Ne7
16.Bxh7+ Kxh7 17.b4 a6 18.c5 Bc7 19.Re1 Nf5 20.Nf1 Ne4 21.N1d2 Nf6 22.Qc2 
Kg8 23.Nf1 Ne4 24.Qd3 Qf6 25.N1d2 Nxd2 26.Qxd2 g5 27.h3 Qg7 28.Bxg5 hxg5 
29.Rxe6 Bf4 30.Qd3 Rf7 31.Rae1 Raf8 32.Re8 g4 33.hxg4 Qxg4 34.Rxf8+ Rxf8 
35.Qe2 Nh4 36.Nxh4 Qxh4 37.g3 Qg5 38.Qe6+ Rf7 39.Qc8+ Rf8 40.Qe6+ Kg7 41.
Kg2 Bc7 42.Rh1 Qg6 43.Qe7+ Rf7 44.Qe2 Qe4+ 45.Qxe4 dxe4 46.Re1 Re7 47.Kf1 
Kf6 48.Ke2 Ke6 49.f4 Rh7 50.Ke3 Kd5 51.Rg1 Rh3 52.Rg2 Bd8 53.Rg1 Bf6 0-1

[Event "53rd World U20 ch"]
[Site "Pune IND"]
[Date "2014.10.09"]
[Round "4.46"]
[White "Ider, Borya"]
[Black "Praggnanandhaa, R."]
[Result "1-0"]
[WhiteElo "2394"]
[BlackElo "1836"]
[EventDate "2014.10.06"]
[PlyCount "155"]

1.d4 d5 2.Nf3 Nf6 3.c4 e6 4.g3 Be7 5.Bg2 O-O 6.O-O dxc4 7.Qc2 a6 8.a4 Bd7 
9.Rd1 Bc6 10.Nc3 Nd5 11.e4 Nxc3 12.bxc3 b5 13.d5 exd5 14.exd5 Bb7 15.Nd4 
Bc5 16.Be3 Bxd4 17.Bxd4 Qc8 18.Rab1 c6 19.Qd2 f6 20.Qe2 Re8 21.Qh5 Nd7 22.
Bh3 c5 23.Be3 Re5 24.Qf3 bxa4 25.Bf4 Re8 26.Qh5 g6 27.Qh6 Kh8 28.Be6 Re7 
29.Bd6 Rg7 30.Qf4 a5 31.Qxc4 a3 32.Qa4 Ba6 33.Qxa3 Qd8 34.Re1 Rc8 35.Ra1 
Qb6 36.Bf4 g5 37.Qxa5 Qxa5 38.Rxa5 Bc4 39.Bd6 Rd8 40.Rea1 h5 41.Ra8 Rdg8 
42.Rxg8+ Rxg8 43.Bxg8 Kxg8 44.Ra7 Nb6 45.Bxc5 Nxd5 46.Bd4 f5 47.Rg7+ Kf8 
48.Rxg5 f4 49.Rxh5 fxg3 50.fxg3 Kf7 51.Rg5 Ne7 52.h4 Ng6 53.h5 Nf8 54.h6 
Bd3 55.Ra5 Kg6 56.Be3 Ne6 57.Rd5 Bc4 58.Rd6 Kh7 59.Rd7+ Kh8 60.Bd4+ Nxd4 
61.Rxd4 Ba2 62.c4 Kh7 63.c5 Kxh6 64.c6 Kg5 65.Rd6 Bb1 66.c7 Bf5 67.Rd5 Kg4
68.Rxf5 Kxf5 69.c8=Q+ Ke5 70.Qf8 Ke4 71.g4 Ke3 72.g5 Ke2 73.g6 Ke1 74.Qf2+
Kd1 75.g7 Kc1 76.g8=Q Kd1 77.Qb3+ Kc1 78.Qbc2# 1-0

[Event "53rd World U20 ch"]
[Site "Pune IND"]
[Date "2014.10.09"]
[Round "4.48"]
[White "Ronka, Erik"]
[Black "Sai Agni Jeevitesh, J."]
[Result "1-0"]
[WhiteElo "2183"]
[BlackElo "2068"]
[EventDate "2014.10.06"]
[PlyCount "121"]

1.d4 Nf6 2.c4 d6 3.Nc3 Nbd7 4.e4 e5 5.d5 Be7 6.Be3 a5 7.f3 O-O 8.Qd2 Ne8 
9.Nge2 Nc5 10.g4 h6 11.O-O-O Bg5 12.Kb1 g6 13.h4 Bxe3 14.Qxe3 Kh7 15.Ng3 
Ng7 16.Qd2 Ra6 17.Be2 Bd7 18.b3 Qe8 19.Kc2 Qe7 20.Rb1 Rb8 21.Rhd1 Ne8 22.
Rf1 Ng7 23.Rbe1 Rf8 24.g5 h5 25.f4 exf4 26.Qxf4 Raa8 27.Bd1 Rae8 28.Qf6 
Qe5 29.Qxe5 Rxe5 30.a3 Kg8 31.b4 axb4 32.axb4 Na4 33.Nxa4 Bxa4+ 34.Kd3 
Bxd1 35.Rxd1 Ra8 36.Ra1 Ree8 37.c5 Rec8 38.Ne2 Ne8 39.Nd4 Kg7 40.e5 dxe5 
41.Nf3 f6 42.Kc4 e4 43.gxf6+ Nxf6 44.Rxa8 Rxa8 45.Ng5 Rc8 46.Kd4 e3 47.Re1
Ng4 48.b5 Kf8 49.Ne6+ Ke7 50.Nxc7 Kd7 51.d6 Rf8 52.Nd5 Rf2 53.Nb6+ Ke6 54.
Nc4 Rf4+ 55.Kc3 Re4 56.c6 bxc6 57.bxc6 Nf6 58.c7 Nd5+ 59.Kd3 Rxc4 60.Kxc4 
Kxd6 61.Rd1 1-0

[Event "53rd World U20 ch"]
[Site "Pune IND"]
[Date "2014.10.09"]
[Round "4.49"]
[White "Iniyan, P."]
[Black "Rakesh, Kumar Nayak"]
[Result "1-0"]
[WhiteElo "2151"]
[BlackElo "2057"]
[EventDate "2014.10.06"]
[PlyCount "137"]

1.d4 d5 2.c4 c6 3.Nf3 Nf6 4.Nc3 dxc4 5.a4 Bf5 6.e3 e6 7.Bxc4 Bb4 8.O-O O-O
9.Qe2 Nbd7 10.e4 Bg4 11.e5 Nd5 12.Nxd5 cxd5 13.Bd3 Bh5 14.Qe3 Bg6 15.Ne1 
Nb8 16.f4 Nc6 17.Nf3 f5 18.Bd2 Rc8 19.Kh1 Qa5 20.Bxb4 Qxb4 21.Be2 Na5 22.
Ng5 Bf7 23.g4 Qxb2 24.Bd3 Nb3 25.Rab1 Qc3 26.Qh3 Bg6 27.gxf5 exf5 28.Rg1 
Nxd4 29.Rxb7 h6 30.Nh7 Kxh7 31.Rxg6 Rc7 32.Rg3 Qe1+ 33.Rg1 Qxg1+ 34.Kxg1 
Rxb7 35.Qe3 Ne6 36.Qf3 Rd7 37.Bb5 Rdd8 38.Bd3 g6 39.Qf2 Rf7 40.Qd2 g5 41.
Qc2 Nxf4 42.Bxf5+ Kg7 43.Qc5 Re8 44.Bg4 Rxe5 45.Qd4 Re7 46.h4 h5 47.hxg5 
hxg4 48.Qxf4 R7e6 49.Qxg4 Kg6 50.Kh2 Re7 51.Qb4 Rh7+ 52.Kg3 Rxg5+ 53.Kf3 
Rf7+ 54.Ke3 Re5+ 55.Kd3 Rf3+ 56.Kd2 Kf5 57.Qf8+ Kg4 58.Qg7+ Rg5 59.Qxa7 
Kh3 60.Qh7+ Kg2 61.Qd7 Rf2+ 62.Kc3 Rg3+ 63.Kb4 Rf4+ 64.Kb5 d4 65.a5 Rb3+ 
66.Kc5 d3 67.Qd5+ Rf3 68.Qxb3 Kf2 69.Qd1 1-0

[Event "53rd World U20 ch"]
[Site "Pune IND"]
[Date "2014.10.09"]
[Round "4.50"]
[White "Fong Yit San"]
[Black "Nazario, Marc Christian"]
[Result "1-0"]
[WhiteElo "2149"]
[BlackElo "2029"]
[EventDate "2014.10.06"]
[PlyCount "93"]

1.e4 e5 2.Nf3 Nf6 3.Nxe5 d6 4.Nf3 Nxe4 5.Nc3 Nxc3 6.dxc3 Be7 7.Be3 Nd7 8.
Qd2 O-O 9.O-O-O Nf6 10.Bd3 c5 11.h4 Qa5 12.Kb1 Be6 13.a3 d5 14.Ng5 c4 15.
Be2 h6 16.Nxe6 fxe6 17.Bf3 Nd7 18.Bg4 Qa6 19.Bd4 Rae8 20.Rde1 Bf6 21.Re2 
Re7 22.Rhe1 Rfe8 23.g3 Qd6 24.f4 a5 25.Re3 b5 26.Qe2 Nf8 27.Be5 Qb6 28.Bf3
Bxe5 29.Rxe5 b4 30.axb4 axb4 31.cxb4 Rb8 32.c3 Ra7 33.Rxe6 Qxe6 34.Qxe6+ 
Nxe6 35.Bxd5 Kf8 36.Bxe6 Rc7 37.Re4 Re8 38.f5 h5 39.Rf4 Rd8 40.Bxc4 Rd1+ 
41.Kc2 Rg1 42.Bd5 Rxg3 43.b5 Rg4 44.b6 Rc8 45.b7 Rb8 46.Rf1 Rxh4 47.Ra1 
1-0

[Event "53rd World U20 ch"]
[Site "Pune IND"]
[Date "2014.10.09"]
[Round "4.51"]
[White "Horton, Jamie"]
[Black "Abhishek, A."]
[Result "0-1"]
[WhiteElo "2064"]
[BlackElo "2138"]
[EventDate "2014.10.06"]
[PlyCount "188"]

1.e4 e6 2.d4 d5 3.Nc3 Bb4 4.exd5 exd5 5.Bd3 Nf6 6.a3 Bd6 7.Nb5 Be7 8.Bf4 
Na6 9.Qf3 c6 10.Nc3 Nc7 11.Nge2 O-O 12.h3 Ne6 13.Be3 c5 14.O-O c4 15.Bf5 
g6 16.Bg4 Ne4 17.Bh6 f5 18.Bxf8 fxg4 19.Bxe7 gxf3 20.Bxd8 fxe2 21.Nxe2 
Nxd8 22.f3 Nf6 23.Rfe1 Nc6 24.g4 Bd7 25.c3 Kf7 26.Nf4 g5 27.Ne2 h5 28.Ng3 
b5 29.Kg2 Rg8 30.Re3 Ne7 31.Rae1 Ng6 32.Ne2 hxg4 33.hxg4 Rh8 34.Rf1 Rh4 
35.Rh1 Rxh1 36.Kxh1 Ne8 37.Kg1 Nc7 38.Kf2 Ne6 39.Kg2 Kf6 40.Kf1 Nef4 41.
Nxf4 Nxf4 42.Kf2 Be6 43.Kf1 Nd3 44.Re2 a5 45.Rd2 b4 46.axb4 axb4 47.Ke2 
Bd7 48.Ke3 Be8 49.Rh2 b3 50.Rd2 Nf4 51.Kf2 Bg6 52.Ke3 Bc2 53.Kf2 Ke6 54.
Ke3 Kd6 55.Kf2 Ke7 56.Ke3 Kf6 57.Kf2 Ne6 58.Ke3 Bg6 59.Rh2 Ke7 60.Rf2 Kd6 
61.Rh2 Nf4 62.Rd2 Kc6 63.Kf2 Kb5 64.Ke3 Bc2 65.Kf2 Kb6 66.Ke3 Kc6 67.Kf2 
Bd3 68.Ke3 Kb6 69.Kf2 Kb5 70.Ke3 Bf1 71.Kf2 Bd3 72.Ke1 Ne6 73.Kd1 Ka5 74.
Ke1 Kb5 75.Kd1 Ka4 76.Kc1 Nf4 77.Kd1 Bf1 78.Ke1 Bg2 79.Kf2 Bh1 80.Ke3 Bg2 
81.Kf2 Bh1 82.Ke3 Nd3 83.Rh2 Bxf3 84.Kxf3 Nxb2 85.Rh1 Nd3 86.Ra1+ Kb5 87.
Ke3 b2 88.Rb1 Ka4 89.Kd2 Kb3 90.Rf1 Nc1 91.Rf8 b1=Q 92.Rb8+ Ka2 93.Ra8+ 
Kb2 94.Rb8+ Nb3+ 0-1

[Event "53rd World U20 ch"]
[Site "Pune IND"]
[Date "2014.10.09"]
[Round "4.52"]
[White "Mohammad, Ashraf"]
[Black "Godbole, Atharva"]
[Result "1-0"]
[WhiteElo "2132"]
[BlackElo "2009"]
[EventDate "2014.10.06"]
[PlyCount "79"]

1.e4 e5 2.Nf3 Nc6 3.Bb5 a6 4.Ba4 Nf6 5.Qe2 b5 6.Bb3 Be7 7.a4 b4 8.O-O O-O 
9.c3 bxc3 10.bxc3 a5 11.Na3 d6 12.d4 exd4 13.cxd4 Ba6 14.Nb5 d5 15.exd5 
Nxd5 16.Qe4 Ncb4 17.Ne5 Nf6 18.Qf3 Rb8 19.Rd1 Bb7 20.Qh3 Bc8 21.Qg3 c6 22.
Nc3 Bd6 23.Bg5 Rb7 24.Qh4 Be7 25.Rac1 Bf5 26.Qf4 Bc8 27.Qf3 h6 28.Bh4 g5 
29.Bg3 Kg7 30.Na2 Nxa2 31.Bxa2 Rb2 32.Nxc6 Qd7 33.Nxe7 Qxe7 34.Bc4 Bg4 35.
Qc3 Bxd1 36.Qxb2 Bxa4 37.d5 Kg8 38.d6 Qd8 39.Be5 Nd7 40.Bh8 1-0

[Event "53rd World U20 ch"]
[Site "Pune IND"]
[Date "2014.10.09"]
[Round "4.53"]
[White "Krishna Teja, N."]
[Black "Nishant, Malhotra"]
[Result "1/2-1/2"]
[WhiteElo "2049"]
[BlackElo "2129"]
[EventDate "2014.10.06"]
[PlyCount "67"]

1.Nf3 Nf6 2.c4 g6 3.Nc3 d5 4.cxd5 Nxd5 5.d4 Bg7 6.e4 Nxc3 7.bxc3 c5 8.Be3 
Nc6 9.Rc1 cxd4 10.cxd4 O-O 11.d5 Ne5 12.Nxe5 Bxe5 13.Be2 e6 14.f4 Bc7 15.
O-O exd5 16.Qxd5 Bb6 17.Bxb6 Qxb6+ 18.Qc5 Be6 19.a4 Qxc5+ 20.Rxc5 Rac8 21.
Rfc1 Rxc5 22.Rxc5 Rc8 23.Rxc8+ Bxc8 24.Kf2 Bd7 25.Bd1 Kf8 26.Ke3 Ke7 27.
Kd4 f6 28.g4 g5 29.fxg5 fxg5 30.Ke5 Be6 31.h3 h6 32.Be2 Bd7 33.a5 Be6 34.
Bb5 1/2-1/2

[Event "53rd World U20 ch"]
[Site "Pune IND"]
[Date "2014.10.09"]
[Round "4.54"]
[White "Vandewiele, Emiel"]
[Black "Shailesh, Dravid"]
[Result "0-1"]
[WhiteElo "1882"]
[BlackElo "2074"]
[EventDate "2014.10.06"]
[PlyCount "150"]

1.c4 e6 2.g3 Nf6 3.Bg2 c5 4.Nc3 Nc6 5.e4 d6 6.Nge2 Be7 7.O-O O-O 8.b3 a6 
9.Bb2 Qc7 10.d4 cxd4 11.Nxd4 Nxd4 12.Qxd4 Bd7 13.Rac1 Rac8 14.Kh1 Rfd8 15.
h3 Qa5 16.Kh2 Qh5 17.Kg1 b5 18.cxb5 axb5 19.a4 bxa4 20.Nxa4 Rb8 21.g4 Qa5 
22.Bc3 Qb5 23.Rb1 h5 24.f3 e5 25.Qd2 Be6 26.Ba1 Bxb3 27.Nc3 Qc5+ 28.Kh2 
Be6 29.g5 Nh7 30.h4 Nf8 31.Rxb8 Rxb8 32.Rc1 Qa5 33.Qf2 Ng6 34.Ne2 f6 35.f4
exf4 36.Nxf4 Nxf4 37.Qxf4 fxg5 38.hxg5 Rf8 39.Qg3 Bxg5 40.Kh1 h4 41.Qxd6 
Bxc1 42.Qxe6+ Kh7 43.Be5 Qe1+ 44.Kh2 Rf6 45.Qg4 Rg6 46.Qf3 Qa5 47.Qf5 Qd2 
48.Qh5+ Qh6 49.Qxh6+ Kxh6 50.Kh3 Re6 51.Bc3 g5 52.Kg4 Bf4 53.Kf5 Rc6 54.
Bb4 Rc2 55.Bh3 Rb2 56.Bf8+ Kh7 57.Kf6 Rb6+ 58.Kf7 Rb7+ 59.Kf6 Kg8 60.Bc5 
Rf7+ 61.Ke6 Rg7 62.Bd4 g4 63.Bf1 Rg5 64.Bf6 Rh5 65.Ke7 h3 66.Bc4+ Kh7 67.
Kf7 Be5 68.Bxe5 Rxe5 69.Kf6 Rxe4 70.Bd3 Kh6 71.Bxe4 g3 72.Bf5 g2 73.Bxh3 
g1=Q 74.Be6 Qg5+ 75.Kf7 Qd8 0-1

[Event "53rd World U20 ch"]
[Site "Pune IND"]
[Date "2014.10.09"]
[Round "4.56"]
[White "Megalios, Konstantinos"]
[Black "Arjun, Satheesh"]
[Result "1-0"]
[WhiteElo "2196"]
[BlackElo "2004"]
[EventDate "2014.10.06"]
[PlyCount "105"]

1.d4 Nf6 2.c4 e6 3.Nc3 Bb4 4.a3 Bxc3+ 5.bxc3 c5 6.f3 Nc6 7.e4 d6 8.Be3 Qa5
9.Kf2 O-O 10.Qc2 e5 11.d5 Ne7 12.Bg5 Kh8 13.Bxf6 gxf6 14.Bd3 Bd7 15.Ne2 
Rg8 16.a4 Rg7 17.g3 Rag8 18.Rhg1 Qd8 19.a5 Bc8 20.Ke3 Qd7 21.g4 Ng6 22.Qc1
Qd8 23.Qe1 Qe7 24.Kd2 Nf4 25.Qh4 Qd8 26.Nxf4 exf4 27.Qh6 Rg5 28.e5 f5 29.
Qxd6 Qxd6 30.exd6 fxg4 31.fxg4 h5 32.h3 f5 33.Raf1 fxg4 34.h4 Re5 35.Rxf4 
Rd8 36.Rf6 Bd7 37.Rh6+ Kg8 38.Rg6+ Kh8 39.Rh6+ Kg8 40.Rg6+ Kh8 41.Rf1 g3 
42.Rh6+ Kg8 43.Rg6+ Kh8 44.Rxg3 Bg4 45.Rf6 b6 46.a6 b5 47.Re3 Rxe3 48.Kxe3
bxc4 49.Bxc4 Kg7 50.Re6 Bxe6 51.dxe6 Kf6 52.e7 Rb8 53.Bb5 1-0

[Event "53rd World U20 ch"]
[Site "Pune IND"]
[Date "2014.10.09"]
[Round "4.57"]
[White "Stamos, Filippos"]
[Black "Fisher, William"]
[Result "1/2-1/2"]
[WhiteElo "2076"]
[BlackElo "2313"]
[EventDate "2014.10.06"]
[PlyCount "29"]

1.d4 Nf6 2.c4 c5 3.d5 e6 4.Nc3 exd5 5.cxd5 d6 6.e4 g6 7.h3 Bg7 8.Nf3 Nbd7 
9.Bd3 O-O 10.O-O Nh5 11.Bg5 Bf6 12.Bh6 Bg7 13.Bg5 Bf6 14.Bh6 Bg7 15.Bg5 
1/2-1/2

[Event "53rd World U20 ch"]
[Site "Pune IND"]
[Date "2014.10.09"]
[Round "4.58"]
[White "Nitish, Belurkar"]
[Black "Rakesh, Kumar Jena"]
[Result "0-1"]
[WhiteElo "2046"]
[BlackElo "2164"]
[EventDate "2014.10.06"]
[PlyCount "80"]

1.e4 c5 2.c3 d5 3.exd5 Qxd5 4.d4 cxd4 5.cxd4 e5 6.dxe5 Qxd1+ 7.Kxd1 Nc6 8.
Nf3 Bg4 9.Bb5 O-O-O+ 10.Bd2 Nxe5 11.Be2 Nxf3 12.Bxf3 Bf5 13.Nc3 Nf6 14.Rc1
Kb8 15.Ke1 Bc5 16.Nd5 Rhe8+ 17.Ne3 Bb6 18.Bc3 Ne4 19.Bxe4 Bxe4 20.Rd1 f5 
21.Rxd8+ Bxd8 22.f3 Bxf3 23.gxf3 Rxe3+ 24.Kf2 Bb6 25.Kg3 g5 26.h3 Re2 27.
f4 Re3+ 28.Kg2 gxf4 29.Rf1 Rg3+ 30.Kh2 Bc7 31.Be1 Re3 32.Bc3 f3+ 33.Kg1 
Bg3 34.Bd4 Rd3 35.Bc3 h5 36.Be1 h4 37.Bc3 b6 38.Bf6 f4 39.Bc3 Re3 40.Bd4 
f2+ 0-1

[Event "53rd World U20 ch"]
[Site "Pune IND"]
[Date "2014.10.09"]
[Round "4.59"]
[White "Sudarshan, Malga"]
[Black "Sammed Jaykumar, Shete"]
[Result "1-0"]
[WhiteElo "2007"]
[BlackElo "2139"]
[EventDate "2014.10.06"]
[PlyCount "99"]

1.c4 e6 2.e4 d5 3.exd5 exd5 4.d4 Nf6 5.Nc3 Be7 6.Bg5 dxc4 7.Bxc4 O-O 8.
Nge2 Nbd7 9.O-O Nb6 10.Bd3 Nfd5 11.Bxe7 Qxe7 12.Re1 Qd8 13.Ng3 Nf4 14.Bc2 
c6 15.Qf3 Ng6 16.Rad1 Be6 17.Qh5 Nd5 18.Nge4 Ndf4 19.Qf3 Bd5 20.Nxd5 Nxd5 
21.g3 Qa5 22.a3 Rfe8 23.h4 h6 24.Qf5 Re6 25.Nc3 Rf6 26.Qh5 Rd8 27.Bb3 Rfd6
28.Re2 Qb6 29.Bxd5 cxd5 30.Qg4 Rf6 31.Rde1 Qc6 32.h5 Nf8 33.Re5 Ne6 34.Kg2
Qc4 35.Rd1 Ng5 36.Rde1 Ne6 37.R1e2 Kh7 38.Nxd5 Qxd4 39.Nxf6+ gxf6 40.Qf5+ 
Kg7 41.R5e4 Qd1 42.Rxe6 fxe6 43.Qg6+ Kh8 44.Qxh6+ Kg8 45.Qg6+ Kh8 46.Qxf6+
Kh7 47.Qf7+ Kh8 48.Rxe6 Qd5+ 49.Kh2 Qd2 50.Rg6 1-0

[Event "53rd World U20 ch"]
[Site "Pune IND"]
[Date "2014.10.09"]
[Round "4.60"]
[White "Abhijith, M."]
[Black "Senthil, Maran K."]
[Result "1/2-1/2"]
[WhiteElo "2126"]
[BlackElo "2043"]
[EventDate "2014.10.06"]
[PlyCount "101"]

1.d4 d5 2.Nc3 Nf6 3.Bg5 Bf5 4.f3 Nbd7 5.e3 c5 6.dxc5 Qa5 7.Bxf6 exf6 8.
Qxd5 Be6 9.Qd2 Bxc5 10.Ne4 Qb6 11.Nxc5 Nxc5 12.Qc1 O-O-O 13.Ne2 f5 14.Nf4 
Rhe8 15.Bd3 Qb4+ 16.Kf2 g5 17.a3 Qb6 18.Nxe6 Qxe6 19.b4 Nxd3+ 20.cxd3+ Kb8
21.Qd2 f4 22.e4 Rd4 23.Rhd1 Qb3 24.Qa2 Rxd3 25.Qxb3 Rxb3 26.Ra2 Rc3 27.Rd7
Rc7 28.Rad2 Kc8 29.R7d5 h6 30.g3 fxg3+ 31.Kxg3 Rc3 32.R2d3 Rxd3 33.Rxd3 h5
34.h4 f6 35.Rd6 Rf8 36.Rd5 Rg8 37.Rf5 Rg6 38.e5 gxh4+ 39.Kxh4 fxe5 40.Rxe5
Rf6 41.Kg3 Rg6+ 42.Kf4 Rf6+ 43.Rf5 Ra6 44.Ra5 Rf6+ 45.Ke3 Rh6 46.Rxa7 h4 
47.Ra8+ Kd7 48.Rg8 h3 49.Rg1 Ra6 50.Rh1 Rxa3+ 51.Ke4 1/2-1/2

[Event "53rd World U20 ch"]
[Site "Pune IND"]
[Date "2014.10.09"]
[Round "4.61"]
[White "Vokhidov, Shamsiddin"]
[Black "Manush, Shah"]
[Result "1-0"]
[WhiteElo "2119"]
[BlackElo "2038"]
[EventDate "2014.10.06"]
[PlyCount "117"]

1.e4 c6 2.d4 d5 3.Nc3 dxe4 4.Nxe4 Nd7 5.Ng5 Ngf6 6.Bd3 e6 7.N1f3 Bd6 8.Qe2
Qe7 9.Ne5 Bxe5 10.dxe5 Nd5 11.a3 h6 12.Nf3 Nc5 13.Bc4 a5 14.Bd2 a4 15.Ba2 
b6 16.Nd4 Qc7 17.O-O-O Ba6 18.Qg4 g6 19.Qh4 Nd7 20.Rhe1 Rc8 21.Qg3 Rg8 22.
Bxh6 c5 23.Nf3 c4 24.Rxd5 exd5 25.e6 Qxg3 26.exd7+ Kxd7 27.hxg3 f6 28.Be3 
b5 29.c3 Rce8 30.Bb1 f5 31.Rh1 Rh8 32.Rd1 Bb7 33.Kd2 Kc7 34.Nd4 Ba6 35.Ke2
Rh2 36.Nf3 Rxg2 37.Kf1 Rxe3 38.Kxg2 Re2 39.Rd2 Re8 40.Bc2 Bb7 41.Nd4 Re1 
42.Nxb5+ Kb6 43.Nd4 Bc8 44.Rd1 Re7 45.Bxa4 Bb7 46.Kf1 Bc8 47.Re1 Rh7 48.
Kg2 Kc5 49.Re8 Bb7 50.Bb5 Rf7 51.a4 Kb6 52.Re6+ Ka7 53.a5 Rh7 54.a6 Bc8 
55.Rc6 Kb8 56.Rxg6 Rf7 57.Rg8 Rc7 58.Nxf5 Rc5 59.Nd6 1-0

[Event "53rd World U20 ch"]
[Site "Pune IND"]
[Date "2014.10.09"]
[Round "4.62"]
[White "Wagh, Suyog"]
[Black "Gajwa, Ankit"]
[Result "0-1"]
[WhiteElo "2001"]
[BlackElo "2110"]
[EventDate "2014.10.06"]
[PlyCount "83"]

1.d4 d5 2.c4 c6 3.Nf3 Nf6 4.e3 Bf5 5.Nc3 a6 6.cxd5 cxd5 7.Qb3 Nc6 8.Qxb7 
Na5 9.Qb4 Bd7 10.Na4 e5 11.Nc5 Nc6 12.Qa3 Ne4 13.Qb3 exd4 14.Nxe4 dxe4 15.
Nd2 Bb4 16.Bc4 O-O 17.O-O Rb8 18.Qd1 Bxd2 19.Qxd2 Ne5 20.Bxa6 d3 21.b3 
Nf3+ 22.gxf3 Bh3 23.f4 Qf6 24.Kh1 Bxf1 25.Bb2 Bg2+ 26.Kxg2 Qxa6 27.Kh1 
Rbc8 28.Bc3 Qc6 29.Rc1 Rfd8 30.a4 Qxc3 31.Rxc3 Rxc3 32.Kg2 Rxb3 33.Qa5 
Rbb8 34.Qd2 h6 35.f5 Rd5 36.a5 Ra8 37.f3 Rdxa5 38.Kg3 Ra2 39.Qc3 d2 40.Qd4
Rc8 41.f6 gxf6 42.Qd5 0-1